书目信息 |
| 题名: |
散文写作常谈
|
|
| 作者: | 朱金顺 著 | |
| 分册: | ||
| 出版信息: | 北京 北京出版社 1979 |
|
| 页数: | 116页 | |
| 开本: | 19cm | |
| 丛书名: | ||
| 单 册: | ||
| 中图分类: | I056 , H152 | |
| 科图分类: | ||
| 主题词: | 散文--创作理论 , 创作理论--散文 , 汉语--写作 , 汉语--修辞 | |
| 电子资源: | ||
| ISBN: | ||
| 000 | 00701nam0 2200277 450 | |
| 001 | 1571260031 | |
| 005 | 20150121112506.07 | |
| 010 | @dCNY0.62 | |
| 091 | @a9071.39@dCNY0.25 | |
| 100 | @a20020403d1979 em y0chiy0110 ea | |
| 101 | 0 | @achi |
| 102 | @aCN@b110000 | |
| 105 | @ay z 000zy | |
| 200 | 1 | @a散文写作常谈@9san wen xie zuo chang tan@f朱金顺著 |
| 210 | @a北京@c北京出版社@d1979 | |
| 215 | @a116页@d19cm | |
| 300 | @a写作辅导读物 | |
| 606 | 0 | @a散文@x创作理论 |
| 606 | 0 | @a创作理论@x散文 |
| 606 | 0 | @a汉语@x写作 |
| 606 | 0 | @a汉语@x修辞 |
| 690 | @aI056@v5 | |
| 690 | @aH152@v4 | |
| 701 | 0 | @a朱金顺@9zhu jin shun@4著 |
| 801 | 0 | @aCN@bTSSF@c20150121 |
| 905 | @aZUCC@dH152@eJY88 | |
| 散文写作常谈/朱金顺著.-北京:北京出版社,1979 |
| 116页;19cm |
| 写作辅导读物 |
| ISBN :CNY0.62 |
| ● |
| 相关链接 |
|
|
|
|
正题名:散文写作常谈
索取号:H152/JY88
 
预约/预借
| 序号 | 登录号 | 条形码 | 馆藏地/架位号 | 状态 | 备注 |
| 1 | 7850314 | 278503148 | 学院路分馆/ [索取号:H152/JY88] | 在馆 | |
| 2 | 7850315 | 278503157 | 学院路分馆/ [索取号:H152/JY88] | 在馆 | |
| 3 | 7850316 | 278503166 | 学院路分馆/ [索取号:H152/JY88] | 在馆 |